Thesaurus Biblicus, hoc est, Dicta sententiae et exempla ex Sanctis Bibliis collecta et per locos communes distributa, ad usum concionandi, et disputandi / auctore Philippo Paulo Merz, opus omnibus theologicis speculativis, polemicis, moralibus, utriusque juris studiosis, ac cunctis litteratis, imprimis verò animarum pastoribus, verbique divini praeconibus utilissimum

Detalles Bibliográficos
Autor principal: Merz, Philipp Paul, m. 1754
Formato: Libro
Lenguaje:Latin
Publicado: Parisiis : ex typis ecclesiasticis Beaucé-Rusand, via Palatina, no. 5, juxta Sanctum Sulpicium, 1822.
Edición:Editio nitidissima, nunc demúm quàm plurimis mendis expurgata, et ad trutinam sacrorum bibliorum per singulorum textuum accuratissimam collationem revocata
Materias:
Colección:Banco de datos
Acervo:Seminario Conciliar de Nuestra Señora de Guadalupe Querétaro. Qro.. Biblioteca Florencio Rosas. Fondo Reservado
Descripción Física:2 t. ; 8°
Tema general:Biblia - Diccionarios
Notas:Portada tipográfica. Título de la anteportada: Thesaurus Biblicus. Texto a dos columnas con corondel central en grabado xilográfico, paginación en números arábigos, cornisas, titulillos y signaturas. Los t. 1-2 publicados en 1822. Paginación: t. 1 XIV, 591 p.; t. 2 [2] h., 564 p., [14] h. Encuadernación en cartón con lomo en piel (5388-5389). Libro restaurado (5389). Daños en la encuadernación, las primeras hojas del índice encuadernadas entre las p. 560-561 (5389)
LEADER 01743nam a22002050004500
035 |a 2385 
041 0 |a lat 
100 1 |a Merz, Philipp Paul, m. 1754 
245 1 0 |a Thesaurus Biblicus, hoc est, Dicta sententiae et exempla ex Sanctis Bibliis collecta et per locos communes distributa, ad usum concionandi, et disputandi / auctore Philippo Paulo Merz, opus omnibus theologicis speculativis, polemicis, moralibus, utriusque juris studiosis, ac cunctis litteratis, imprimis verò animarum pastoribus, verbique divini praeconibus utilissimum 
250 |a Editio nitidissima, nunc demúm quàm plurimis mendis expurgata, et ad trutinam sacrorum bibliorum per singulorum textuum accuratissimam collationem revocata 
260 |a Parisiis : ex typis ecclesiasticis Beaucé-Rusand, via Palatina, no. 5, juxta Sanctum Sulpicium, 1822. 
300 |a 2 t. ; 8° 
500 |a Portada tipográfica. Título de la anteportada: Thesaurus Biblicus. Texto a dos columnas con corondel central en grabado xilográfico, paginación en números arábigos, cornisas, titulillos y signaturas. Los t. 1-2 publicados en 1822. Paginación: t. 1 XIV, 591 p.; t. 2 [2] h., 564 p., [14] h. Encuadernación en cartón con lomo en piel (5388-5389). Libro restaurado (5389). Daños en la encuadernación, las primeras hojas del índice encuadernadas entre las p. 560-561 (5389) 
505 0 0 |a t. 1 A-L.-- t. 2 M-Z 
650 1 0 |a Biblia - Diccionarios 
740 0 |a Dicta sententiae et exempla ex Sanctis Bibliis collecta et per locos communes distributa 
949 |a Fondo Reservado: t. 1 (5388); t. 2 (5389) 
942 |c QUER-RES 
943 |g Seminario Conciliar de Nuestra Señora de Guadalupe Querétaro. Qro.. Biblioteca Florencio Rosas. Fondo Reservado 
999 |c 1110049  |d 1110049